| 000 | 00382nam a22001337a 4500 | ||
|---|---|---|---|
| 020 | _a780713136203 | ||
| 040 | _cNust | ||
| 082 |
_a531.02462 _bFAW'B |
||
| 100 |
_aJ. N Fawcett _9126960 |
||
| 245 | _aBasic mechanics with engineering applications | ||
| 260 |
_aLondon: _bEdward Arnold, _c1993. |
||
| 650 |
_aBasic mechanics with engineering applications _9126961 |
||
| 942 |
_2ddc _cBK |
||
| 999 |
_c612324 _d612324 |
||